2006 F1 Race Winners - Statistics

General Stats
  • This quiz has been taken 52 times
  • The average score is 17 of 18
Answer Stats
Track Team Winner % Correct
San Marino Ferrari Schumacher
100%
Europe (Nurburgring) Ferrari Schumacher
100%
United States Ferrari Schumacher
100%
France Ferrari Schumacher
100%
Germany Ferrari Schumacher
100%
Italy Ferrari Schumacher
100%
China Ferrari Schumacher
100%
Bahrain Renault Alonso
98%
Australia Renault Alonso
98%
Spain Renault Alonso
98%
Monaco Renault Alonso
98%
Great Britain Renault Alonso
98%
Canada Renault Alonso
98%
Japan Renault Alonso
98%
Turkey Ferrari Massa
91%
Brazil Ferrari Massa
91%
Hungary Honda Button
85%
Malaysia Renault Fisichella
74%
No matching quizzes found
Score Distribution
Percent of People with Each Score
Percentile by Number Answered
Your Score History
You have not taken this quiz